000 00439nam a2200181Ia 4500
001 13163
005 20260306163033.0
008 260306t1988||||xx |||||||||||||| ||spa||
041 _aESP
082 _a001.4
_bD48
100 _aDel Busto Duthurburu, José Antonio
_eAUT
245 0 _aLa tesis universitaria
260 _c1988
300 _ax : 186 páginas :
_c20 cm.
650 _aGEN
654 _aCHU
942 _cLIB
_dJUS
_fJUS
_2ddc
_n
999 _c13163
_d13163